Moby Dick (Record no. 9093)
[ view plain ]
| 000 -LEADER | |
|---|---|
| fixed length control field | 01085nam a22002177a 4500 |
| 003 - CONTROL NUMBER IDENTIFIER | |
| control field | OSt |
| 005 - DATE AND TIME OF LATEST TRANSACTION | |
| control field | 20260313022609.0 |
| 008 - FIXED-LENGTH DATA ELEMENTS--GENERAL INFORMATION | |
| fixed length control field | 260313b |||||||| |||| 00| 0 eng d |
| 020 ## - INTERNATIONAL STANDARD BOOK NUMBER | |
| International Standard Book Number | 817826167-7 |
| 040 ## - CATALOGING SOURCE | |
| Original cataloging agency | DWCL GS lib |
| Transcribing agency | OC |
| 082 ## - DEWEY DECIMAL CLASSIFICATION NUMBER | |
| Classification number | M498m 1996 |
| 100 ## - MAIN ENTRY--PERSONAL NAME | |
| Personal name | MELVILLE HERMAN |
| 245 ## - TITLE STATEMENT | |
| Title | Moby Dick |
| Statement of responsibility, etc. | HERMAN MELVILLE |
| 260 ## - PUBLICATION, DISTRIBUTION, ETC. | |
| Place of publication, distribution, etc. | Delhi |
| Name of publisher, distributor, etc. | Rohan Book Company |
| Date of publication, distribution, etc. | 1996 |
| 300 ## - PHYSICAL DESCRIPTION | |
| Extent | 222 p |
| Dimensions | 13 cm |
| 520 ## - SUMMARY, ETC. | |
| Summary, etc. | follows Ishmael, a sailor who signs onto the Pequod, a whaling ship commanded by the obsessed Captain Ahab. Ahab is hellbent on revenge against Moby Dick, a massive white whale that previously severed his leg. The voyage turns into a doomed, obsessive quest that destroys the ship and crew, with only Ishmael surviving. |
| 650 ## - SUBJECT ADDED ENTRY--TOPICAL TERM | |
| Topical term or geographic name entry element | Moby Dick as the embodiment of all malicious evil, the whale primarily acts according to natural instinct, serving as a symbolic force of nature and fate. |
| 650 ## - SUBJECT ADDED ENTRY--TOPICAL TERM | |
| Topical term or geographic name entry element | obsessive revenge, the limits of human power against nature, and the destructive nature of unbridled hubris. |
| 700 ## - ADDED ENTRY--PERSONAL NAME | |
| Personal name | HERMAN MELVILLE |
| 942 ## - ADDED ENTRY ELEMENTS (KOHA) | |
| Source of classification or shelving scheme | Dewey Decimal Classification |
| Koha item type | Fiction |
| Suppress in OPAC | No |
No items available.